| 000 | 00462nam a22001697a 4500 | ||
|---|---|---|---|
| 003 | MPLRDC | ||
| 005 | 20220104124218.0 | ||
| 008 | 210129b ||||| |||| 00| 0 eng d | ||
| 082 | _a856.8 JMWW c.3 | ||
| 100 | _a将门文物出版有限公司编辑部 | ||
| 245 |
_a英文世界著名寓言 _c |
||
| 250 | _a第一版 | ||
| 260 |
_a _b将门文物出版有限公司 _c1991 |
||
| 300 | _b平 | ||
| 650 | _a函牍及杂著--寓言 | ||
| 942 |
_cBK _o856.8 JMWW c.3 |
||
| 999 |
_c17523 _d17513 |
||